| 000 | 00723cam a22002292 4500 | ||
|---|---|---|---|
| 001 | 0000001273 | ||
| 005 | 20151217151811.0 | ||
| 008 | 070228s xx 000 0 eng d | ||
| 020 |
_a0674008375 : _cKES 400 |
||
| 040 |
_aKABU _cKABU |
||
| 050 | 0 |
_aHB83 _b.R68 |
|
| 100 | 1 |
_aRothschild, Emma. _@0000149907 |
|
| 245 | 1 | 0 |
_aEconomic sentiments : _bAdam Smith, Condorcet and the enlightment. |
| 260 |
_aCambridge, Mass. : _bHarvard Univ. Press, _c2001. |
||
| 300 | _aix, 353 p. | ||
| 600 | 1 | 0 |
_aSmith, Adam. _@0000149908 |
| 600 | 1 | 0 |
_aCondorcet, Jean-Antoine. _@0000149909 |
| 650 | 0 |
_aEconomics _xHistory _y18th century. _@0000149910 |
|
| 908 | _a070228 | ||
| 950 | _@1 | ||
| 999 |
_c5172 _d5172 |
||